Reflections on Tanzania's First Muti-Party Parliament: 1995-2000 (Record no. 321)

MARC details
005 - DATE AND TIME OF LATEST TRANSACTION
control field 20250311081411.0
020 ## - INTERNATIONAL STANDARD BOOK NUMBER
International Standard Book Number 9976-60-333-9
082 ## - DEWEY DECIMAL CLASSIFICATION NUMBER
Classification number 320.967 MSE
100 ## - MAIN ENTRY--PERSONAL NAME
Author name MSEKWA, P.
245 ## - TITLE STATEMENT
Title Reflections on Tanzania's First Muti-Party Parliament: 1995-2000
260 ## - PUBLICATION, DISTRIBUTION, ETC.
Place of publication, distribution, etc. Dar es Salaam,
Name of publisher, distributor, etc. DUP (1996) LTD,
Date of publication, distribution, etc. 2000.
300 ## - PHYSICAL DESCRIPTION
Extent viii, 155p.
Dimensions 21cm.
942 ## - ADDED ENTRY ELEMENTS (KOHA)
Source of classification or shelving scheme Dewey Decimal Classification
Koha item type Books
Holdings
Date last seen Total checkouts Full call number Barcode Cost, replacement price Price effective from Koha item type Lost status Source of classification or shelving scheme Damaged status Not for loan Withdrawn status Home library Current library Shelving location Date acquired Cost, normal purchase price
07/02/2025   320.967 MSE DOM0001792 60000.00 07/02/2025 Books   Dewey Decimal Classification       CBE Dodoma CBE Dodoma General Collection 07/01/2017 20000.00
03/11/2025   320.967 MSE 0000001135 60000.00 03/11/2025 Books   Dewey Decimal Classification       College of Business Education Main Library College of Business Education Main Library General Collection 03/11/2025 20000.00
03/11/2025   320.967 MSE 0000001136 60000.00 03/11/2025 Books   Dewey Decimal Classification       College of Business Education Main Library College of Business Education Main Library General Collection 03/11/2025 20000.00
03/11/2025   320.967 MSE 0000001137 60000.00 03/11/2025 Books   Dewey Decimal Classification       College of Business Education Main Library College of Business Education Main Library General Collection 03/11/2025 20000.00
03/11/2025   320.967 MSE 0000001138 60000.00 03/11/2025 Books   Dewey Decimal Classification       College of Business Education Main Library College of Business Education Main Library General Collection 03/11/2025 20000.00
05/08/2025   320.967 MSE 0000006132 60000.00 09/04/2000 Books   Dewey Decimal Classification       College of Business Education Main Library College of Business Education Main Library General Collection 05/08/2025 20000.00